100 verbes (moins communs) en anglais - pas facile - Statistiques

Statistiques générales
  • Ce quiz a été pris 76 fois
  • Le résultat moyen est 18 sur 100
Statistiques - réponses
Hint Réponse % Correct
congeler freeze
65%
aboyer bark
60%
glisser slip / slide / skid
60%
prêter lend / loan
51%
épingler pin / nab
51%
bouillir boil
49%
bouillonner bubble / boil
49%
louer rent
47%
scier saw
47%
incliner tilt / lean / incline
47%
s'évanouir (perdre connaissance) faint
42%
miauler meow / miaow
42%
vapoter vape
42%
chuchoter whisper
42%
bavarder chat
40%
éternuer sneeze
40%
abolir abolish
37%
rougir blush
35%
ramper crawl
35%
oser dare
35%
esquiver dodge
33%
craindre fear
33%
gémir moan / whine
33%
siffler whistle
32%
pécher sin
30%
pincer pinch
28%
abdiquer abdicate
26%
gravir climb
26%
nier deny
25%
feindre (faire semblant) fake / pretend / simulate / feign
25%
agripper grip / grasp
25%
tondre (pelouse) mow
25%
adoucir | assouplir soften
25%
inonder flood
23%
éclabousser splash / spatter
23%
dévisser unscrew
21%
cligner blink
19%
égratigner scratch / gaze
19%
balayer sweep
19%
agacer annoy
18%
empester stink / reek
18%
clouer nail
16%
narguer taunt
16%
froncer (les sourcils) frown
14%
plaindre pity
14%
abroger repeal / abrogate
14%
bégayer stutter
14%
anéantir annihilate / wipe out
12%
ensorceler bewitch / enchant
12%
marmonner mumble
12%
ressusciter resurrect
12%
anoblir ennoble
11%
féconder fertilize / fertilise
11%
abréger shorten / abbreviate /abridge
11%
déchirer tear
11%
appâter bait
9%
affûter sharpen
9%
étouffer suffocate
9%
vanner (familier : chambrer, moquer) tease
9%
bâiller yawn
9%
épater amaze
7%
écrouler collapse
7%
excommunier excommunicate
7%
dorer gild
7%
mijoter (un plat) simmer / stew
7%
blottir snuggle
7%
tordre twist / wing
7%
acquiescer agree / assent / acquiesce
5%
amenuiser diminish / reduce / whittle
5%
céder (faire de concessions) give in
5%
ajourner postpone
5%
cajoler cuddle
4%
aigrir embitter / sour
4%
ronger gnaw
4%
grogner (chien) growl / snarl
4%
fredonner hum
4%
amocher mess up / damage
4%
prévaloir prevail
4%
colmater seal / plug
4%
bourdonner buzz
2%
embrouiller confuse / jumble / muddle
2%
dégivrer defrost
2%
octroyer grant
2%
amarrer moor / dock / berth
2%
pallier overcome / alleviate
2%
grelotter shiver
2%
amadouer coax / mollify
0%
obtempérer comply
0%
évincer (supplanter) oust / depose
0%
accabler overwhelm
0%
haleter pant
0%
élaguer prune
0%
bourlinguer roam
0%
éparpiller scatter / strew
0%
happer snatch
0%
ricaner snigger / snicker/ sneer
0%
caler (moteur) stall
0%
bouder sulk
0%
enchevêtrer tangle
0%
Aucun quiz correspondant
Distribution des résultats
% des personnes avec chaque résultat
Percentile par nombre de réponses
Votre historique - résultats
Vous n’avez pas pris ce quiz